000
00286nam a2200109Ia 4500
008
200302s9999 xx 000 0 und d
100
_a
Werner Blaser
245
_a
Mies Van Der Rohe Farnsworth House
260
_b
Birkhauser-Publishers for Architecure
260
_c
1999
300
_a
82 P.,
999
_c
1143
_d
1143